Chaîne de mots "Sports" - Statistiques

Statistiques générales
  • Ce quiz a été pris 1 347 fois
    553 depuis la dernière actualisation
  • Le résultat moyen est 18 sur 30
Statistiques - réponses
Définitions Sports % Correct
Sur glace ou sur Gazon Hockey
99%
Respiration, Méditation et exercices corporels Yoga
98%
Djokovic ou Nadal Tennis
94%
Autre nom du tennis de table Ping-Pong
93%
Parcours de 18 trous Golf
92%
Luge pour 4 où l'on dévale des pistes étroites et sinueuses Bobsleigh
90%
De javelot, de poids, de marteau ou de disque Lancer
84%
Michael Phelps aux USA, Léon Marchand en France Natation
82%
Il suffit de grimper le mur Escalade
81%
Courir, Nager, et Pédaler Triathlon
80%
Les Japonais les plus costauds y participent Sumo
79%
A ski, en hauteur, en parachute Saut
78%
Les jeux vidéos en sont une discipline Esport
69%
Elle peut être Gréco-Romaine Lutte
67%
Sport de course a pied souvent en sentier naturel Trail
61%
Sport très Cérébral car sur une chaise Echecs
59%
Cette danse d'origine Argentine est bel et bien considérée comme un sport Tango
59%
Jeux, rassemblant plus ou moins les sports Olympiques
57%
7 contre 7 et avec un Frisbee Ultimate
57%
Objet de danse ou l'on monte dessus puis redescend Step
53%
Consiste a mettre la voiture en travers à chaque virage Drift
49%
Faire passer des boules en bois à travers des arceaux avec un maillet Croquet
43%
Un panda excelle dans ce sport Kungfu
36%
Gymnastique dansante augmentant le Cardio Aérobic
31%
Nautique, c'est aussi un site de voyage Kayak
26%
On y fait des figures sur une rivière grâce à un bateau motorisé nous tractant Wakeboard
19%
Si tu as trouvé le 7eme mot, celui ci est un dérivé de ce sport Fitness
12%
Une sorte de hockey pratiqué avec des roulettes Rink
9%
Variante du basket-ball ou l'on jour a 7 Netball
8%
Sport sud-asiatique proche du volley Sepak Takraw
4%
Aucun quiz correspondant
Distribution des résultats
% des personnes avec chaque résultat
Percentile par nombre de réponses
Votre historique - résultats
Vous n’avez pas pris ce quiz depuis la dernière actualisation